00805nam a2200229 a 4500999001500000001000600015003000900021005001700030008004100047040003800088082002400126245006700150260004500217300002200262504004100284505001100325650004300336700002700379710002700406942001500433952012700448 c1841d184119489BD-DhUAP20200901110513.0200216s1993 bg b 00| 0 eng d aBD-DhUAPcBD-DhUAPbEngdBD-DhUAP00223a348.5492046 BAN aBangladesh legal decisions /cedited by A. T. M. Kamrul Islam. aDhaka :bBangladesh bar council,cc1993. avolumes ;c24 cm. aIncludes bibliographical references. aV.13-- aLaw reports, digests, etczBangladesh. aIslam, A. T. M. Kamrul aBangladesh Bar Council00012ddccBK 00102ddc4070aUAPCLbUAPCLcGeneral Stacksd2020-02-17o348.5492046 BAN V-13p3010019489r2020-02-17t1w2020-02-17yBK